000 00379nam a2200145Ia 4500
008 230312s9999||||xx |||||||||||||| ||und||
082 _a657
_bARI-A
100 _aArif M.
245 0 _aAdvanced Accounting
260 _bMunir ahmad
_aLahore
300 _a683
546 _aEng.
650 _aAccounting
_vJoint Stock Company -Introduction.Bonus Issue and Right Issue
942 _cBK
999 _c4983
_d4983